| 000 | 01193nam a2200373 i 4500 | ||
|---|---|---|---|
| 001 | 5226 | ||
| 003 | KOSZ 005 | ||
| 005 | 20200305150737.0 | ||
| 008 | 020718s1977 pl a f ||001 0 pol | ||
| 015 | _aPB 5008/78 | ||
| 040 |
_aKOSZ 005 _cKOSZ 005 _dKOSZ 005/EC |
||
| 041 | 0 | _apol | |
| 046 | _k1977 | ||
| 080 | _a621.8 | ||
| 100 | 1 |
_aPiątkiewicz, Aleksy _eAutor |
|
| 245 | 1 | 0 |
_aDźwignice. _nT. 1 / _cAleksy Piątkiewicz, Roman Sobolski. |
| 250 | _aWyd. 3 zm. i uzup. | ||
| 260 |
_aWarszawa : _bWydawnictwa Naukowo-Techniczne, _c1977. |
||
| 300 |
_a283 s. : _bil. ; _c31 cm. |
||
| 336 |
_2rdacontent _aTekst _btxt |
||
| 337 |
_2rdamedia _aBez urządzenia pośredniczącego _bn |
||
| 338 |
_2rdacarrier _aWolumin _bnc |
||
| 380 | _aKsiążki | ||
| 380 | _aPublikacje fachowe | ||
| 388 | _a1901-2000 | ||
| 388 | _a1945-1989 | ||
| 504 | _aBibliogr. Indeks. | ||
| 650 | 4 | _aDźwignice | |
| 658 | _aInżynieria i technika | ||
| 700 | 1 |
_aSobolski, Roman _d(1911- ) _eAutor |
|
| 710 | 2 |
_aWydawnictwa Naukowo-Techniczne _4pbl. |
|
| 856 |
_uhttp://koha.tu.koszalin.pl/cgi-bin/koha/opac-detail.pl?biblionumber=5226 _yKatalog online BPK |
||
| 942 |
_2UKD _cKS |
||
| 999 |
_c5226 _d5226 |
||